000 00738nam a2200289Ia 4500
005 20260324150423.0
008 008 260324s9999 xx 000 0 eng d
020 _a9780203710890
037 _aEBOOK
040 _aCRL
040 _beng
040 _cCRL
041 _2eng
041 _aeng
084 _qCRL
100 _aSteven Anderman
_91226356
245 0 _aTrade Unions and Technological Change
245 2 _bA Research Report Submitted to the 1966 Congress of Landsorganistionen i Sverige
260 _bTaylor and Francis
260 _c1967
365 _a
365 _b205
856 _uhttp://www.taylorfrancis.com/books/9780203710890
942 _cEBOOK
999 _c1835776
_d1835776